Campanha do Internacional - Libertadores 2006 - Statistics

Estatísticas Gerais
  • Esse quiz foi jogado 116 vezes
  • A pontuação média é 4 de 6
Estatísticas das Respostas
País Time % Correto
Brasil São Paulo
99%
Uruguai Nacional
88%
Equador LDU
69%
Paraguai Libertad
60%
México Pumas
56%
Venezuela Maracaibo
27%
Nenhum quiz correspondente encontrado
Distribuição das Pontuações
Porcentagem de Pessoas com Cada Pontuação
Percentil de Números Respondidos
Sua Pontuação Histórica
Você não jogou esse quiz